000
00311nam a2200145Ia 4500
100
_a
SHARMA/VIKRAM
650
_a
PRODUCTION
942
_c
BK
366
_f
20
245
_a
FUND.OF CAD/CAM
260
_b
International Book House
_a
Ahmedabad
_c
2013
082
_a
670.2/SHA
300
_a
641
546
_a
ENGLISH
999
_c
26842
_d
26842